MOLECULAR PLANT BREEDING (Record no. 15814)

MARC details
000 -LEADER
fixed length control field 00446nam a22001817a 4500
003 - CONTROL NUMBER IDENTIFIER
control field OSt
005 - DATE AND TIME OF LATEST TRANSACTION
control field 20211029104732.0
008 - FIXED-LENGTH DATA ELEMENTS--GENERAL INFORMATION
fixed length control field 211029b |||||||| |||| 00| 0 eng d
020 ## - INTERNATIONAL STANDARD BOOK NUMBER
International Standard Book Number 9781780641591
040 ## - CATALOGING SOURCE
Transcribing agency HAWASSA UNIVERSITY
050 ## - LIBRARY OF CONGRESS CALL NUMBER
Classification number 631.5233/YUN
Item number 2
082 ## - DEWEY DECIMAL CLASSIFICATION NUMBER
Classification number 631.5233/YUN
Item number 2
100 ## - MAIN ENTRY--PERSONAL NAME
Personal name YUNBI XU
9 (RLIN) 16268
245 ## - TITLE STATEMENT
Title MOLECULAR PLANT BREEDING
260 ## - PUBLICATION, DISTRIBUTION, ETC.
Place of publication, distribution, etc. AMERICAN
Name of publisher, distributor, etc. UK
Date of publication, distribution, etc. 2010
300 ## - PHYSICAL DESCRIPTION
Extent xviii/734
942 ## - ADDED ENTRY ELEMENTS (KOHA)
Source of classification or shelving scheme Dewey Decimal Classification
Koha item type Books like text book referance book
Suppress in OPAC No
Holdings
Withdrawn status Lost status Source of classification or shelving scheme Damaged status Not for loan Home library Current library Date acquired Total Checkouts Full call number Barcode Date last seen Copy number Price effective from Koha item type
    Dewey Decimal Classification     College of Agriculture Library College of Agriculture Library 10/29/2021   631.5233/YUN ALIB0000017 10/29/2021 1 10/29/2021 Books like text book referance book
    Dewey Decimal Classification     College of Agriculture Library College of Agriculture Library 10/29/2021   631.5233/YUN ALIB0000018 10/29/2021 2 10/29/2021 Books like text book referance book